Statistics for Random Ord i Namnen på Länder - Svenska #2

Click here to take the quiz!

General Stats

  • This quiz has been taken 130 times
  • The average score is 6 of 16

Answer Stats

OrdetLandet% Correct
JordJordanien
84%
MakeMakedonien
80%
PortPortugal
80%
RumRumänien
74%
BangBangladesh
70%
NordNordkorea
64%
UretanMauretanien
38%
KistaPakistan
28%
EttLettland
26%
DosBarbados
20%
ByLibyen
16%
BodKambodja
14%
TemaGuatemala
13%
UrinSuriname
12%
OndHonduras
8%
DagMadagaskar
6%

Score Distribution

Percentile by Number Answered

Percent of People with Each Score

Your Score History

You have not taken this quiz